Stavebnicová technická pomôcka. A 63F 9/08

Bibliographic Details
Main Author: Biňas, Dušan (Author)
Format: Book
Language:Undetermined
PhysicalDescription:5 s.
Published: Banská Bystrica Úrad priemyselného vlastníctva SR 1999

MARC

LEADER 00000nam a2200000 a 4500
001 vtls001384111
003 SK-MaSNL
005 20260301115630.0
008 240314s1999 xo 0 und
035 |a SNK000338215 
040 |a SNK  |b slo  |c SNK  |e AACR2 
044 |a xo  |c SK 
100 1 |a Biňas, Dušan  |4 aut  |9 460959 
245 1 0 |a Stavebnicová technická pomôcka. A 63F 9/08 
260 |a Banská Bystrica  |b Úrad priemyselného vlastníctva SR  |c 1999 
300 |a 5 s. 
999 |c 722949  |d 724879 
952 |t P60, <04>, [BOOK], {604}  |a SNK  |b SNK  |y VYP  |7 0  |p 17A0230178  |o snkSK 280021  |i snkPS 287/2000  |0 0  |1 0  |4 0  |d 2000-03-01  |l 0  |r 2005-01-02 00:00:00  |w 2026-02-23